| 000 | 01302nam a2200301Ia 4500 | ||
|---|---|---|---|
| 999 |
_c5792 _d5792 |
||
| 003 | OSt | ||
| 005 | 20200610221710.0 | ||
| 008 | 191128s2007 sp ad fr 000 0 spa d | ||
| 020 | _a9788497322683 | ||
| 040 |
_aCO-JMCR _cCO-JMCR |
||
| 041 | 0 |
_aspa _heng |
|
| 082 | 0 | 4 |
_a330.015195 / _bW664i _223 |
| 100 | 1 |
_aWooldridge, Jeffrey M., _eautor _95457 |
|
| 245 | 1 | 0 |
_aIntroducción a la econometría : _bun enfoque moderno / _cJeffrey M. Wooldridge ; traducción Arielle Bayaert Stevens, Máximo C. Camacho Alonso y Alfonso J. Quesada Medina [y otros] |
| 250 | _aSegunda edición | ||
| 260 |
_aMadrid : _bInternational Thomson, _c2007 |
||
| 300 |
_axxxi, 960 páginas : _bgráficos a blanco y negro ; _c26 cm. |
||
| 500 | _aTítulo original: Introductory econometrics. A modern approach | ||
| 504 | _aBibliografía: páginas 913-919 | ||
| 505 | 0 | _aAnálisis de regresión con datos de corte transversal -- Análisis de regresión con datos de series temporales -- Temas avanzados | |
| 546 | _aTraducido del inglés | ||
| 650 | 1 | 4 |
_aEconometría _95460 |
| 650 | 1 | 4 |
_aEconomía matemática _95197 |
| 700 | 1 |
_aBeyaert Stevens, Arielle, _etraductor _95461 |
|
| 700 | 1 |
_aCamacho Alonso, Máximo C., _etraductor _95462 |
|
| 700 | 1 |
_aQuesada Medina, Alfonso J., _etraductor _95463 |
|
| 942 |
_2ddc _cBK |
||